A+ : Operating system technologies study guide

Đã lưu trong:
书目详细资料
格式: 图书
语言:Undetermined
出版: London San Francisco 2001
主题:
标签: 添加标签
没有标签, 成为第一个标记此记录!
Thư viện lưu trữ: Trung tâm Học liệu Trường Đại học Cần Thơ
LEADER 00627nam a2200205Ia 4500
001 CTU_93454
008 210402s9999 xx 000 0 und d
020 |c 230500 
082 |a 004.1 
082 |b A111 
245 0 |a A+ : 
245 0 |b Operating system technologies study guide 
245 0 |c David Groth ... [et al.] 
260 |a London 
260 |b San Francisco 
260 |c 2001 
650 |a Electronic data processing personnel,Computer technicians,Operating systems (computers) 
650 |x Certification,Study guides,Certification 
904 |i Giang 
980 |a Trung tâm Học liệu Trường Đại học Cần Thơ